00612 2200217 4500001002100000005001500021035002000036001002100056005001500077035002000092035002000112245006600132100001800198250001700216300003600233260005300269082001000322084001600332020002200348650002400370INLIS00000000000047120240702110852 a0010-0724000026INLIS00000000000045920240702083517 a0010-0724000020 a0010-07240000141 aBahasa Arab 1 :bKelas I Madrasah Ibtidaiyah /cSunaryo Putro0 aSunaryo Putro acetakan ke-1 axviii, 142 hlm :bilus ;c25 cm aSolo :bPT Tiga Serangkai Pustaka Mandiri,c2020 a492.7 a492.7 SUN b a978-623-269-025-7 4aBuku Teks Pelajaran